000 01436nas a22002537a 4500
001 132543573543543649
003 UA-OsUOA
005 20230612120626.0
008 190905c2013 un mr|p|||||| 00| c ukr d
040 _aUA-OsUOA
_bukr
_cUA-OsUOA
_dUA-OsUOA
041 _aukr
090 _a504
_bП46
099 _a86088
110 _aТОВ "ПОЖОСВІТА"
245 _aПожежна та техногенна безпека
_bвсеукраїнський науково-виробничий журнал
_cгол. ред. Городецький В. Я.
260 _aК.
_c2013
310 _aщомісяця
505 _aФункціонування пожежно-рятувальної служби, добровільного пожежного товариства, відомчої та сільської пожохорони, ветеранських організацій, наукові дослідження, бюлетень держреєстру нормативно-правових актів, коментарі, плакати й рекомендації з питань пожежної та техногенної безпеки.
650 _2UDC
_a504 Небезпека навколишнього середовища
942 _2udc
_cMG
_s1
962 _d2013
999 _c423674
_d423674